| 000 | 02609cam a2200325 i 4500 | ||
|---|---|---|---|
| 001 | 18052886 | ||
| 003 | OSt | ||
| 005 | 20150729013209.0 | ||
| 008 | 140227t20142014nyua b 001 0 eng d | ||
| 010 | _a 2014008003 | ||
| 020 | _a9780071828475 (pbk. : acidfree paper) | ||
| 020 | _a0071828478 (pbk. : acidfree paper) | ||
| 035 | _a(DNLM)101626898 | ||
| 040 |
_aDNLM/DLC _cDLC _erda _dDLC |
||
| 042 | _apcc | ||
| 082 | 0 | 0 |
_a615.4076 _223 _bPSP |
| 245 | 0 | 0 |
_aPharmacy student survival guide / _cRuth E. Nemire, Karen L. Kier, Michelle Assa-Eley. |
| 250 | _a3rd ed. | ||
| 260 |
_aNew York : _bMcGraw-Hill Education Medical, _c2014. |
||
| 300 |
_axxi, 596 p. : _bill. ; _c23 cm. |
||
| 504 | _aIncludes bibliographical references and index. | ||
| 505 | 0 | _aFirst practice course expectations / Elizabeth Frenzel Shepherd -- Ethics in pharmacy practice / Nancy S. Collins -- Pharmacy as a community-based profession / Kevin R. Kearney -- Communication : an overview / Michelle T. Assa-Eley, Ceressa T. Ward -- Rounding, documentation, and patient education / Jacquelyn L. Bainbridge, Caleb Y. Oh -- Monitoring drug therapy / Chasity M. Shelton, Kelly C. Rogers -- Legal implications for pharmacy : regulatory agencies with pharmacy oversight, legal requirements for filling a prescription and political advocacy / Dean L. Arneson, Harold Bobrow, Loretta Brickman -- A brief look at the construction of medical terminology and common definitions of words that are part of the pharmacy vernacular / Ruth E. Nemire, Karen L. Kier -- Pharmacy calculations / A. Timothy Eley -- Physical assessment skills / Cristina E. Bello-Quintero, Rachel H. Bardowell -- Interpretation of clinical laboratory data / Karen Whalen, Nancy Borja-Hart -- Designing patient treatment plans : pharmacokinetic foundations / Sandra B. Earle -- Drug information and drug literature evaluation / Karen L. Kier -- Community/ambulatory care / Maria Maniscalco-Feichtl, Karen L. Whalen -- Institutional pharmacy practice / Stephanie D. Garrett, Antonia Zapantis -- Managed care / Sherry Clayton, Karen Martin, Kathryn Shalek -- Public health / Stuart Feldman, Ruth E. Nemire -- Taking it to the streets : reducing health disparities through domestic and global outreach to the undeserved / Kelly L. Scolaro, Lisa Inge Stewart, Hazel H. Seaba. | |
| 650 | 1 | 2 |
_aPharmacy. _949757 |
| 650 | 2 | 2 |
_aEducation, Pharmacy. _949758 |
| 650 | 2 | 2 |
_aPharmacy Administration. _949759 |
| 700 | 1 |
_aNemire, Ruth E., _eeditor. _949760 |
|
| 700 | 1 |
_aKier, Karen L., _eeditor. _949761 |
|
| 700 | 1 |
_aAssa-Eley, Michelle, _eeditor. _949762 |
|
| 942 |
_2ddc _cBOOK |
||
| 999 |
_c37776 _d272276 |
||